| 000 | 00818nam a2200241 i 4500 | ||
|---|---|---|---|
| 001 | 102902 | ||
| 003 | ES-MaACL | ||
| 005 | 20250430203730.0 | ||
| 007 | t| | ||
| 008 | 051215s1979 sp af ||||1| spa d | ||
| 020 | _a84-85692-00-4 | ||
| 080 | _a860(83)-14"19" | ||
| 080 | _a76"19" | ||
| 080 | _a74"19" | ||
| 100 | 1 |
_aNeruda, Pablo, _d1904-1973 _985398 |
|
| 245 | 1 | 0 |
_a20 poemas de amor y una canción desesperada / _cPablo Neruda ; presentada por... Rafael Alberti... [et al.] ; con 21 aguafuertes y 22 dibujos de... Manuel Alcorlo... [et al.]. |
| 260 |
_aMadrid : _bM. Montal, _c[1979] |
||
| 300 |
_a103 p., [21] h. de lám. : _bil. ; _c51 cm. |
||
| 700 | 1 |
_aAlberti, Rafael, _d1902-1999 _9240174 |
|
| 700 | 1 |
_aAlcorlo, Manuel. _919576 |
|
| 852 | 4 |
_aES-MaACL _jGF-56 |
|
| 999 |
_c102902 _d102902 |
||